|
|
|
|
| LEADER |
00000nab a2200000 a 4500 |
| 001 |
vtls000927184 |
| 003 |
SK-MaSNL |
| 005 |
20260303033350.0 |
| 008 |
040720e20010302xo 0 slo |
| 035 |
|
|
|a KE36061
|
| 040 |
|
|
|a KEVKJB
|b slo
|c KEVKJB
|e AACR2
|
| 041 |
0 |
|
|a slo
|
| 044 |
|
|
|a xo
|c SK
|
| 080 |
|
|
|a 796.966
|2 1981
|
| 080 |
|
|
|a 929
|2 1981
|
| 100 |
1 |
|
|a Mihalčínová, Anna
|4 aut
|9 848215
|
| 245 |
1 |
0 |
|a Hokejová legenda v spätnom zrkadle
|
| 590 |
|
|
|a Lukáč, Vincent 1954-
|b hokejový hráč, tréner, manažér
|
| 600 |
1 |
7 |
|a Lukáč, Vincent,
|d 1954-
|2 KEVKJB
|
| 650 |
0 |
7 |
|a ľadový hokej
|2 KEVKJB
|9 3231
|
| 650 |
0 |
7 |
|a reportáže
|2 KEVKJB
|9 75670
|
| 651 |
|
7 |
|a Košice (Slovensko)
|2 KEVKJB
|9 18694
|
| 651 |
|
7 |
|a KE,
|2 KEVKJB
|9 877256
|
| 655 |
|
7 |
|a periodikum
|2 snkbucl
|9 29553
|
| 773 |
0 |
8 |
|t Národná obroda
|g Roč. 12
|g Roč. 28, č.51, 2.3.2001, s. 4
|
| 773 |
0 |
8 |
|i Príl.:
|t Štýl víkendová príloha Národnej obrody
|
| 852 |
|
|
|a ZVYKNI
|b KIS3GCP
|
| 999 |
|
|
|c 1669713
|d 1671643
|